<?xml version="1.0" encoding="UTF-8"?>
<collection xmlns="http://www.loc.gov/MARC21/slim">
 <record>
  <leader>01358nam a22002297a 4500</leader>
  <controlfield tag="001">NCT_147302</controlfield>
  <controlfield tag="008">230405b        xxu||||| |||| 00| 0 vie d</controlfield>
  <datafield tag="999" ind1=" " ind2=" ">
   <subfield code="c">7587</subfield>
   <subfield code="d">7587</subfield>
  </datafield>
  <datafield tag="020" ind1=" " ind2=" ">
   <subfield code="c">232000</subfield>
  </datafield>
  <datafield tag="082" ind1="0" ind2="4">
   <subfield code="2">23rd ed.</subfield>
   <subfield code="a">808.042</subfield>
   <subfield code="b">F671</subfield>
  </datafield>
  <datafield tag="100" ind1="1" ind2=" ">
   <subfield code="a">Folse, Keith S.</subfield>
  </datafield>
  <datafield tag="245" ind1="1" ind2="0">
   <subfield code="a">Great writing 3 :</subfield>
   <subfield code="b">From great paragraphs to great essays</subfield>
   <subfield code="c">Keith S. Folse, Elena Vestri Solomon, David Clabeaux</subfield>
  </datafield>
  <datafield tag="250" ind1=" " ind2=" ">
   <subfield code="a">2nd ed</subfield>
  </datafield>
  <datafield tag="260" ind1=" " ind2=" ">
   <subfield code="a">Boston</subfield>
   <subfield code="b">Cengage Learning</subfield>
   <subfield code="c">2010</subfield>
  </datafield>
  <datafield tag="300" ind1=" " ind2=" ">
   <subfield code="a">268 p</subfield>
   <subfield code="b">ill.</subfield>
   <subfield code="c">28 cm</subfield>
  </datafield>
  <datafield tag="520" ind1="3" ind2=" ">
   <subfield code="a">The Great Writing series uses clear explanations and extensive practical activities to help students write great sentences, paragraphs, and essays. Each book contains a wide variety of writing models in carefully selected rhetorical styles that provide practice in working with the writing process to develop a final piece of writing. Great Essays takes a step-by-step approach that centers on the essential processes and organizational strategies of teaching students how to effectively transition from paragraphs to essays.</subfield>
  </datafield>
  <datafield tag="653" ind1=" " ind2=" ">
   <subfield code="a">Ngôn ngữ Anh</subfield>
  </datafield>
  <datafield tag="700" ind1="1" ind2=" ">
   <subfield code="a">Solomon, Elena Vestri</subfield>
  </datafield>
  <datafield tag="700" ind1="1" ind2=" ">
   <subfield code="a">Clabeaux, David</subfield>
  </datafield>
  <datafield tag="942" ind1=" " ind2=" ">
   <subfield code="2">ddc</subfield>
   <subfield code="c">BK</subfield>
  </datafield>
  <datafield tag="952" ind1=" " ind2=" ">
   <subfield code="0">0</subfield>
   <subfield code="1">0</subfield>
   <subfield code="2">ddc</subfield>
   <subfield code="4">0</subfield>
   <subfield code="6">808_042000000000000_F671</subfield>
   <subfield code="7">0</subfield>
   <subfield code="9">27317</subfield>
   <subfield code="a">000001</subfield>
   <subfield code="b">000001</subfield>
   <subfield code="d">2023-04-05</subfield>
   <subfield code="o">808.042 F671</subfield>
   <subfield code="p">MD.21264</subfield>
   <subfield code="r">2023-04-05</subfield>
   <subfield code="v">232000.00</subfield>
   <subfield code="w">2023-04-05</subfield>
   <subfield code="y">BK</subfield>
  </datafield>
  <datafield tag="980" ind1=" " ind2=" ">
   <subfield code="a">Thư viện Trường Đại học Nam Cần Thơ</subfield>
  </datafield>
 </record>
</collection>
